| 000 | 00915nam a2200253Ia 4500 | ||
|---|---|---|---|
| 003 | OSt | ||
| 005 | 20220916110922.0 | ||
| 006 | a|||||r|||| 00| 0 | ||
| 007 | ta | ||
| 008 | 220915b |||||||| |||| 00| 0 hin d | ||
| 024 | _a42891 | ||
| 037 | _cTextbook | ||
| 040 |
_bhin _aARTS _cARTS |
||
| 041 | _ahin | ||
| 082 | _aO15,1D65,1, 152K9.1(TTPS) | ||
| 100 | _aशास्त्री, रामप्रिय देव भट्ट | ||
| 245 | 0 | _aशिशुपल-वधम् | |
| 246 | _aShishupala-vadham | ||
| 260 |
_aइलाहाबाद _bरामनारायण बेनीप्रसाद भारत _c1969 |
||
| 300 |
_a291पण् _ccm. |
||
| 650 | _aहिन्दी साहित्य | ||
| 942 |
_hO15,1D65,1, 152K9.1(TTPS) _cTB _2CC |
||
| 999 |
_c101405 _d101405 |
||